| 000 | nam a22 7a 4500 | ||
|---|---|---|---|
| 999 |
_c29950 _d29949 |
||
| 003 | OSt | ||
| 005 | 20170914155002.0 | ||
| 008 | 170914b xxu||||| |||| 00| 0 eng d | ||
| 020 | _a0838423116 | ||
| 040 |
_aMMU _beng. _cMMU _dMMU _eMMU |
||
| 050 | _aPE1074.8G37 1993 | ||
| 100 | _aJames Gary | ||
| 245 |
_aPassages: _bExploring spoken English/ _cGary James. |
||
| 260 |
_aBoston: _bHelinle $Heinle, _c1993. |
||
| 300 |
_a136p. _bill. |
||
| 650 | _2Exploring spoken English | ||
| 942 |
_2lcc _cLOAN LOAN |
||